Estatísticas para Bandeiras de Países com a Maior Quantidade de Branco

Clique aqui para jogar o quiz

Estatísticas Gerais

  • Esse quiz foi jogado 16 048 vezes
    (14 196 desde o último reset)
  • A pontuação média é 14 de 16

Estatísticas das Respostas

Resposta% Correto
Japão
99%
Coréia do Sul
98%
Israel
97%
Uruguai
97%
Finlândia
95%
Grécia
95%
Polônia
94%
Chipre
93%
Panamá
89%
Geórgia
85%
Argélia
82%
Indonésia
80%
Malta
80%
Mônaco
77%
Singapura
75%
Afeganistão
66%

Distribuição das Pontuações

Percentil de Números Respondidos

Porcentagem de Pessoas com Cada Pontuação

Sua Pontuação Histórica

Você não jogou esse quiz desde o último reset